• 首页
  • 本馆介绍
  • 公告通知
  • 最新文献
  • 馆藏检索
  • 电子资源
  • 读者导购
  • 参考咨询
  • 我的图书馆
  • 登录
  • 详细信息显示
  • 放入我的书架
  • 预约/预借图书
  • 作者相关作品
  • 分类相关作品
  • 丛书相关作品
  • 出版社相关作品

书目信息

  • 表格格式
  • 工作单格式
  • 卡片格式
书名: Selected works of Guo Moruo
作者: Guo Moruo.
分册号:
分册名:
出版地: Beojing :
 
出版社: Foreign Languages Press
出版时间: 1984.
页数: 526 p., [20] p. of plates :
开本:
丛书名:
中图分类号:
科图分类号:
其他分类号: H319.4
主题词:
电子资源:
000 00430nam 22000157i 450
001 0299120746
005 20071006093313.32
008 990719m1984 u y a 000 0
041    @aeng
090    @aI217.2
090    @aH319.4
099    @dH319.4@ex313
100 1  @aGuo@cMoruo.
245 10 @aSelected works of Guo Moruo / @cGuo Moruo.
260 1  @aBeojing :@bForeign Languages Press,@c1984.
300    @a526 p., [20] p. of plates :@bill., port.
    
    Selected works of Guo Moruo / / Guo Moruo.-Beojing : : Foreign Languages Press, , 1984.
    526 p., [20] p. of plates : : ill., port.
    
    
    ISBN
    
●
相关链接 在E读中查询图书 在五车中查询图书 在当当中查询图书 在豆瓣中查询图书


正题名:Selected works of Guo Moruo     索取号:H319.4/x313         预约/预借

序号 登录号 条形码 馆藏地/架位号 状态 备注
1 137685   001426353   第四借阅区/ [索取号:H319.4/x313] 在馆    
2 137686   001426362   第四借阅区/ [索取号:H319.4/x313] 在馆    
3 17586   300175860   第四借阅区/ [索取号:H319.4/x313] 在馆    
唐山师范学院图书馆 欢迎您!
大连网信软件有限公司© 版权所有